000 00415nam a22001697a 4500
003 BD-DhUIB
005 20251013151004.0
008 251013b |||||||| |||| 00| 0 eng d
040 _aBD-DhUIB
_cBD-DhUIB
050 _a658.0072
082 _222
100 _aSaunders, Mark.
_9178
245 _aResearch methors for business Students/
_cby Mark, Saunders.
250 _a5th ed.
526 _aBBA.
942 _2ddc
_cBK
999 _c538
_d538